000 01260nam a2200337Ia 4500
001 Z_6429
003 CHAP
005 20241002135026.0
008 220113s2012 xx 000 0 und d
010 _a169686
040 _cCHAP
090 _aTesis F73 2259
100 _aFrancisco Martínez, Alejandro
_9125649
245 _aNiveles de clembuterol detectados en carne de bovino distribuida en Texcoco Estado de México. /
_cAlejandro, Francisco Martínez y Juan Pablo, Osorio Reyes
260 _aMéxico :
_bEl autor,
_c2012
300 _a66 p.
502 _aTesis (Ingeniero Agrónomo Especialista en Zootecnia) -- UACh, 2012 \ Dirección: David Hernández Sánchez; asesoría: Luis Alberto Miranda Romero y José Ayala Oseguera
650 _aBovino de carne
_9142800
650 _aClembuterol
_9144752
650 _aGanado bovino
_9138033
700 _a Ayala Oseguera, José, asesor
_9142549
700 _a Hernández Sánchez, David, director
_9144753
700 1 _a Miranda Romero, Luis Alberto
_9142242
700 _aOsorio Reyes, Juan Pablo, coaut.
_9144754
856 4 2 _uhttp://10.13.5.2/tesis/sist108616.pdf
_yDescargar PDF
901 _aTESIS F73 2259
902 _aM
910 _a2012
942 _c2
_2ddc
942 _c2
_2ddc
999 _c169686
_d169686